<?xml version="1.0" encoding="UTF-8"?>
<marc:record xmlns:marc="http://www.loc.gov/MARC21/slim">
   <marc:leader>00000nam a2200000 a 4500</marc:leader>
   <marc:datafield ind1="1" ind2=" " tag="100">
      <marc:subfield code="a">Streeruwitz, Marlene</marc:subfield>
      <marc:subfield code="4">aut</marc:subfield>
      <marc:subfield code="e">Verfasser/-in</marc:subfield>
   </marc:datafield>
   <marc:datafield ind1="0" ind2="0" tag="245">
      <marc:subfield code="a">Entfernung</marc:subfield>
   </marc:datafield>
   <marc:datafield ind1="0" ind2="0" tag="245">
      <marc:subfield code="b">31 Abschnitte; Roman</marc:subfield>
   </marc:datafield>
   <marc:datafield ind1="0" ind2="0" tag="245">
      <marc:subfield code="c">Marlene Streeruwitz</marc:subfield>
   </marc:datafield>
   <marc:datafield ind1=" " ind2="1" tag="264">
      <marc:subfield code="a">Frankfurt am Main</marc:subfield>
      <marc:subfield code="b">Fischer</marc:subfield>
      <marc:subfield code="c">2006</marc:subfield>
   </marc:datafield>
   <marc:datafield ind1="1" ind2=" " tag="520">
      <marc:subfield code="a">Selma (49) ist zu ihrem Vater zurückgezogen. Die Wohnung riecht wie in der Kindheit, von der Mutter sind aber nur noch die Blumen da. Aus dieser Welt von vorgestern bricht Selma auf, um es noch einmal zu versuchen. Jeder Schritt führt in immer neuere und stärkere Sinneseindrücke. In einer solchen Verlorenheit ist das Fremde erträglicher als das Bekannte.&lt;br/&gt;Marlene Streeruwitz hat eine heutige Odyssee geschrieben und ihr Projekt des Subjekts im Neoliberalen weitergedacht. In einem virtuos komponierten Kaleidoskop in 31 Abschnitten beleuchtet der Text jeden Augenblick des Abenteuers der Heldin. &lt;br/&gt;Die Sprache zeichnet die scharfen Umrisse der Suchenden gegen die Welt, die sie zu verschlingen droht.</marc:subfield>
   </marc:datafield>
   <marc:datafield ind1=" " ind2=" " tag="020">
      <marc:subfield code="a">9783100744326</marc:subfield>
      <marc:subfield code="9">9783100744326</marc:subfield>
   </marc:datafield>
   <marc:datafield ind1=" " ind2=" " tag="041">
      <marc:subfield code="a">ger</marc:subfield>
   </marc:datafield>
   <marc:datafield ind1="1" ind2=" " tag="521">
      <marc:subfield code="a">0</marc:subfield>
   </marc:datafield>
   <marc:datafield ind1=" " ind2=" " tag="300">
      <marc:subfield code="a">474 S.</marc:subfield>
   </marc:datafield>
</marc:record>
